Normal view
MARC view
- COUSSOT, PHILIPPE
Entry Personal Name
001 - CONTROL NUMBER
- control field: 86785
003 - CONTROL NUMBER IDENTIFIER
- control field: NUST
005 - DATE AND TIME OF LATEST TRANSACTION
- control field: 20211217095550.0
008 - FIXED-LENGTH DATA ELEMENTS
- fixed length control field: 211217|| aca||aabn | a|a d
040 ## - CATALOGING SOURCE
- Original cataloging agency: NUST
- Transcribing agency: NUST
100 ## - HEADING--PERSONAL NAME
- Personal name: COUSSOT, PHILIPPE
670 ## - SOURCE DATA FOUND
- Source citation: Work cat.: (NUST): COUSSOT, PHILIPPE., MUDFLOW GEOLOGY AND DUMMIES /, 1997.
